000 01151nam a2200241Ia 4500
003 OSt
005 20200716175852.0
008 191128s2016 ck fr 000 0 spa d
020 _a9789588930572
040 _aCO-JMCR
_cCO-JMCR
041 0 _aspa
082 0 4 _a338.98 /
_bC758p
_223
100 1 _aConsuegra Higgins, José,
_eautor
_93510
245 1 0 _aPensadores sociales latinoamericanos :
_bantología del pensamiento económico y social de América Latina /
_cJosé Consuegra Higgins, Josué de Castro [y otros 8]
260 _aBarranquilla :
_bUniversidad Simón Bolivar,
_c2016
300 _a212 páginas ;
_c24 cm.
490 0 _aColección Apesal ;
_v6
505 0 _aEl pensamiento económico y social de América Latina -- Pensadores sociales latinoamericanos
520 3 _aEn 1980, el rector fundador de la Universidad Simón Bolivar, José Consuegra Higgins, asumio la dirección de la colección bibliográfica Antología del pensamiento económico y social de América.
650 1 4 _aDesarrollo económico y social
_xensayos y conferencias
_zAmérica Latina
_97436
700 1 _aCastro, Josué de,
_eautor
_97437
942 _2ddc
_cBK
999 _c3885
_d3885